Petua menjadi pelajar sekolah menengah yang gemilang [ Dato Dr. Hj.Mohd Fadzilah Kamsah

General viewing for all ages (U)

Bibliographic Details
Main Author: Ismail Mohammed
Format: Book
Published: Kuala Lumpur : Telaga Biru Sdn Bhd , 2004
Subjects:

MARC

LEADER 00000cam a2200000 7i4500
001 0000093921
005 20090813.0
090 0 0 |a 370.194   |b PET 
100 0 |a Ismail Mohammed 
245 1 0 |a Petua menjadi pelajar sekolah menengah yang gemilang [  |h video compact disc] :   |b Dato Dr. Hj.Mohd Fadzilah Kamsah   |c Ismail Mohammed 
260 |a Kuala Lumpur :   |b Telaga Biru Sdn Bhd ,   |c 2004 
300 |a 1 Video compact disc (63 minutes) :   |b col 
500 |a Library has 2 copies 
520 0 |a General viewing for all ages (U) 
600 0 0 |a Mohd Fadzilah Kamsah ,   |c Dato' Dr. Hj. 
650 0 0 |a Academic achievement 
650 0 0 |a Motivation in education 
999 |a AV 11687   |b VIDEO COMPACT DISC   |c PINJAMAN   |e PERPUSTAKAAN KOMUNITI PETALING JAYA 
999 |a AV 14176   |b VIDEO COMPACT DISC   |c PINJAMAN   |e PERPUSTAKAAN KOMUNITI PETALING JAYA 
999 |a AV 23849   |b CD AUDIO   |c PINJAMAN   |e PERPUSTAKAAN KOMUNITI PETALING JAYA